000 00722cam a22002533a 4500
001 17545
003 PGUSA
005 20140828083356.0
008 060118s2006||||xxu|||||s|||||000 1 eng d
040 _aPGUSA
_beng
042 _adc
050 4 _aPS
100 1 _aMcClelland, M. G.
_q(Mary Greenway),
_d1853-1895
245 1 0 _aPrincess
_h[electronic resource] /
_cM. G. McClelland
260 _bProject Gutenberg,
_c2006
506 _aPublic domain in the USA.
516 _aElectronic text
653 _aMan-woman relationships -- Fiction
653 _aVirginia -- Fiction
653 _aDivorce -- Fiction
830 0 _aProject Gutenberg
_v17545
856 4 0 _uhttp://www.gutenberg.org/ebooks/17545
942 _cEB
999 _c246800
_d246800